| 000 | 00583nam a22001931a 4500 | ||
|---|---|---|---|
| 001 | 7337 | ||
| 003 | OSt | ||
| 005 | 20260204212127.0 | ||
| 008 | 071011s2004||||ag ||||||b||||||||||spa|| | ||
| 020 | _a9508084065 | ||
| 050 | _a320.01 F72p | ||
| 100 | _aFollori, Roberto A. | ||
| 245 | _aLa proliferación de los signos: la teoría social en tiempos de globalización / Roberto A. Follori, Nilda Bistue, Claudia Yarza (Coord.) | ||
| 264 | _aArgentina : Astrea | ||
| 300 | _a122 p | ||
| 650 | _aFilosofía Política | ||
| 700 | _aBistue, Nilda II.Yarza, ClaudiaÌ | ||
| 942 |
_2ddc _cBK |
||
| 999 |
_c7337 _d7337 |
||